000 00481nam a2200181Ia 4500
005 20250530162853.0
008 008 250505s9999 xx 000 0 eng d
020 _a9788119129850
040 _beng
_cILCL
041 _aeng
_2eng
084 _aZ2,8;(Q7) R4
100 _aTahir, Mahmod
245 0 _aSupreme Court on Muslim Law
250 _a2
260 _aDelhi
_bLaw and Justice Publishing Company
_c2024
300 _axiii,316p.
942 _cTB
_2Colon Classification
999 _c1312041
_d1312041